000 00490pab a2200181 454500
008 180718b2014 xxu||||| |||| 00| 0 eng d
100 _aAlbertus, Michael
245 _aGaming democracy: Elite dominance during transition and the prospects for redistribution
260 _c2014
300 _ap.575-603.
362 _aJul
650 _aElite
650 _aDemocracy
700 _aMenaldo, Victor
773 _aBritish Journal of Political Science
908 _aN
909 _a104569
999 _c104565
_d104565